| 000 | 02218cam a22004694i 4500 | ||
|---|---|---|---|
| 003 | PE-LiUPU | ||
| 005 | 20250731184559.0 | ||
| 008 | 150706s r 000 0 d | ||
| 035 | _a(Sirsi) a49766 | ||
| 035 | _a(Sirsi) a49766 | ||
| 040 |
_aPE-LiUPU _bspa _cPE-LiUPU _erda |
||
| 049 | _aPRUA | ||
| 082 | 0 | 4 |
_a985.722338 _bA48 _221 |
| 100 | 1 |
_aAlvarado Oyarce, Otoniel , _eautor. |
|
| 245 | 1 | 0 |
_aSan Francisco del yeso : _bmodelo de desarrollo local / _cOtoniel Alvardo Oyarce. |
| 264 | 1 |
_aLima : _bEditores Maraucano E.I.R.L, _c2010. |
|
| 300 |
_a136 páginas : _bilustraciones ; _c20 cm. |
||
| 336 |
_atext _2rdacontent |
||
| 337 |
_aunmediated _2rdamedia |
||
| 338 |
_avolume _2rdacarrier |
||
| 505 | 0 | _aMonografía del distrito -- Creación -- Características geográficas -- Condiciones socio-economicas -- Ocupación -- Festividades religiosas -- Costumbres -- Platos típicos -- Mitos -- Rasgos idiomáticos -- Política -- Educación -- Problemas y potencialidades del pueblo -- Problemática -- Inventario de recursos -- Perspectivas de desarrollo -- El modelo de desarrollo local -- Primero cambiar ideas negativas -- Algunas ideas orientadoras -- El posible modelo propuesto -- Mecanismos a seguir. | |
| 526 | _aP136 | ||
| 526 | _aP135 | ||
| 526 | _aP134 | ||
| 526 | _aP133 | ||
| 526 | _aP144 | ||
| 526 | _aP143 | ||
| 526 | _aP87 | ||
| 526 | _aP35 | ||
| 526 | _aP20 | ||
| 526 | _aP14 | ||
| 526 | _aP10 | ||
| 526 | _aP06 | ||
| 541 | _g0001-000367; | ||
| 651 |
_aSan Francisco del Yeso, Ama. (Perú : Distrito) _xCondiciones sociales. |
||
| 910 |
_agl _cjck _d20110623 |
||
| 942 |
_2ddc _cBOOK |
||
| 949 |
_aPGE 985.722338 A48 _wDEWEY _c1 _i63135 _lPOSTGRADO _mBUL _p9.00 _r0 _sY _tBOOK _u2015-7-6 _xPOSGRADO _PP57 _o.CIRCNOTE. No olvidar cambiar la fecha de devolución!!!!!!! _o.STAFF. Colección General |
||
| 994 |
_aC0 _bPEPRU |
||
| 596 | _a1 | ||
| 999 |
_aPGE 985.722338 A48 _wDEWEY _c52147 _i63135 _f2021-11-11 _g5 _lCCODEBUL1 _mBUL _p9.00 _r0 _sY _tBOOK _u2015-7-6 _xTEOLOGIA _PP57 _0COMPRA _o.CIRCNOTE. No olvidar cambiar la fecha de devolución!!!!!!! _o.STAFF. Colección General _d52147 |
||
| 980 |
_81 _gALBERTO SANCHEZ Responsable de Automatización |
||